| 000 | 01092cam a2200313 4500 | ||
|---|---|---|---|
| 001 | 33266 | ||
| 003 | BD-RjUL | ||
| 005 | 20211209051957.0 | ||
| 008 | 140430r19681915nyu b 000 0beng | ||
| 035 | _a(BD-RjUL)33357 | ||
| 040 |
_aDLC _cDLC _dBD-RjUL _beng |
||
| 041 | _aeng | ||
| 082 | 0 | 0 |
_a301.0924 _bGEE 1968 |
| 100 | 1 |
_aGehlke, Charles Elmer, _d1884- _9101010 |
|
| 245 | 1 | 0 |
_aEmile Durkheim's contributions to sociological theory / _cCharles Elmer Gehlke. |
| 250 | _a1st AMS ed. | ||
| 260 |
_aNew York : _bAMS Press, _c1915 [Reprinted 1968]. |
||
| 300 |
_a188 p. ; _c23 cm. |
||
| 490 | 1 | _aStudies in history, economics, and public law, v. 63, no. 1; whole no. 151 | |
| 500 | _aReprint of the 1915 ed., which was originally presented as the author's thesis, Columbia University. | ||
| 504 | _aBibliography: p. 185-188. | ||
| 610 | 2 | 0 |
_aDurkheiman School of Sociology. _9101015 |
| 650 | 0 |
_aSociology. _9101012 |
|
| 830 | 0 |
_v151. _9101016 |
|
| 830 | 0 |
_aColumbia studies in the social sciences, _9101017 |
|
| 942 |
_2ddc _cBK |
||
| 999 |
_c33266 _d33266 |
||